| 000 | 01442nam a2200337 c 4500 | ||
|---|---|---|---|
| 999 |
_c181782 _d181782 |
||
| 003 | BLK | ||
| 005 | 20220525110251.0 | ||
| 008 | 180411b bul|||||r ||||||| ||bul|| | ||
| 010 | _aKNG00190688000 | ||
| 040 | _aBLK | ||
| 041 |
_aBUL _cBUL |
||
| 080 |
_aАнатомия. Вж и 572 ; 591.4 ; 616.1/.9 ; 343.9 ; 743 _b611 _x(072) _z611(072) |
||
| 080 |
_aФизиология _b612 _x(072) _z612(072) |
||
| 100 | 1 |
_aГоцев, Тошо Стоянов _eпърви автор _9243234 |
|
| 139 |
_aГоцев, Тошо Стоянов и др. _bГ 71 |
||
| 245 | 1 | 0 |
_aОпити и задачи по анатомия и физиология на човека _bРъководство за учители _cТошо Стоянов Гоцев; съавт. Георги Костов Налбантов. |
| 257 | _aBGR | ||
| 260 |
_aСофия _bМедицина и физкултура _c1965 |
||
| 300 |
_a124 с. _bс ил. _c22 см |
||
| 380 | _a61 | ||
| 500 | _a3 779 тир. | ||
| 650 | 4 |
_aАнатомия - на човека _9254168 |
|
| 650 | 4 |
_aФизиология - на човека _9254167 |
|
| 650 | 4 |
_aМетодика на преподаването - наръчници и ръководства _9259639 |
|
| 700 | 1 |
_aНалбантов, Георги Костов _eсъавт. _9342702 |
|
| 852 | _aЦб 35253 | ||
| 856 | 4 | _qpdf | |
| 856 | 4 | _qpdf | |
| 942 |
_cKNG _n0 _s1 |
||
| 944 |
_aCR _c19.09.2016 _kКети_Илиева |
||
| 944 |
_aED _c20.09.2016 _kКети_Илиева |
||
| 999 | _d181782 | ||